000 00596nam a2200229Ia 4500
003 OSt
005 20230403141704.0
008 210423s2009 xx 000 0 und d
020 _a9781420072211
040 _cAL
041 _aeng
082 _a510.3 WEIE
_223
100 _aWEISSTEIN (Eric W).
_982607
245 _aCRC encyclopedia of mathematics: V3.P-Z.
250 _a3
260 _aBoca Raton
_bCRC Press
_c2009
300 _a2787-4307
_bHB
365 _b22837
_cINR
440 _v3
906 _a3 ; Crc ; encyclopedia ; mathematics. ; mathematics: ; volumes.
942 _2ddc
_cBK
999 _c158601
_d158601